|
|
|
|
| LEADER |
00000cas a2200000 i 4500 |
| 005 |
20110429150821.0 |
| 008 |
000000c20099999bl fr p 0 b0por d |
| 022 |
|
|
|a 0101-9562
|
| 022 |
|
|
|a 2177-7055
|
| 035 |
|
|
|a 4995
|
| 040 |
|
|
|a uned
|d vlex
|
| 090 |
|
|
|c 2084
|d 2084
|
| 245 |
3 |
0 |
|a Seqüencia
|h [Recurso electrn̤ico]
|b estudos jurd̕icos e polt̕icos.
|
| 246 |
3 |
0 |
|a Seqün̊cia :
|b Revista do Curso de Ps̤-Graduaȧo em Direito da UFSC.
|
| 256 |
|
|
|a Servicio en ln̕ea
|
| 260 |
|
|
|a Florianp̤olis :
|b Universidade Federal de Santa Catarina.
|
| 300 |
|
|
|a 1 recurso electrn̤ico
|
| 310 |
|
|
|a Semestral.
|
| 362 |
0 |
|
|a Vol. 1, n. 1 (1980)-
|
| 506 |
1 |
|
|a Contenido solo disponible en los productos indicados
|d vLex Global
|d vLex Global (Academic Edition, excluding Law Schools)
|d vLex Global (U.S. Academic Edition, Law Schools)
|d vLex Global (U.S. Academic Edition, excluding Law Schools)
|d vLex Global (Academic Edition, Law Schools)
|
| 650 |
0 |
4 |
|a Derecho
|x Publicaciones perid̤icas.
|
| 650 |
0 |
4 |
|a Ciencia polt̕ica
|x Publicaciones perid̤icas.
|
| 740 |
0 |
|
|a vLex Revista (Servicios en ln̕ea)
|
| 856 |
|
|
|u http://vlex.com/source/revista-sequencia-4995
|z Acceso restringido
|
| 942 |
|
|
|c REV
|